International Journal of Psychiatric Nursing (Record no. 37370)

MARC details
000 -LEADER
fixed length control field 00412nam a2200145Ia 4500
020 ## - INTERNATIONAL STANDARD BOOK NUMBER
ISBN 97881964209-7-0
050 ## - CALL MARK
Classification number RC475 .I58
245 ## - TITLE STATEMENT
Title International Journal of Psychiatric Nursing
250 ## - EDITION / VOLUME STATEMENT
Edition / Volume statement Vol. II, No. 1
260 ## - PUBLICATION, DISTRIBUTION, ETC. (IMPRINT)
Place of publication New Delhi
Name of publisher APH Publishing Corporation
Year of publication 2025
300 ## - PHYSICAL DESCRIPTION
Number of Pages v, 58 p. :ill. 25 cm.
650 ## - SUBJECT ADDED ENTRY--TOPICAL TERM
Topical Term Psychiatric nursing--Periodicals
942 ## - ADDED ENTRY ELEMENTS (KOHA)
Koha item type Serials
Source of classification Library of Congress Classification

No items available.